Smith and Tanagho's general urology / (Record no. 84973)

MARC details
000 -LEADER
fixed length control field 01507cam a2200409 a 4500
001 - CONTROL NUMBER
control field 22427911
003 - CONTROL NUMBER IDENTIFIER
control field CBULib
005 - DATE AND TIME OF LATEST TRANSACTION
control field 20240430102047.0
006 - FIXED-LENGTH DATA ELEMENTS--ADDITIONAL MATERIAL CHARACTERISTICS
fixed length control field m |o d |
007 - PHYSICAL DESCRIPTION FIXED FIELD--GENERAL INFORMATION
fixed length control field cr |||||||||||
008 - FIXED-LENGTH DATA ELEMENTS--GENERAL INFORMATION
fixed length control field 120217s2013 nyua ob 001 0 eng
010 ## - LIBRARY OF CONGRESS CONTROL NUMBER
LC control number 2021695224
020 ## - INTERNATIONAL STANDARD BOOK NUMBER
International Standard Book Number 9780071632607
Qualifying information ebook
020 ## - INTERNATIONAL STANDARD BOOK NUMBER
Canceled/invalid ISBN 9780071624978 (softcover : alk. paper)
020 ## - INTERNATIONAL STANDARD BOOK NUMBER
Canceled/invalid ISBN 007162497X (MHID)
040 ## - CATALOGING SOURCE
Original cataloging agency DLC
Language of cataloging eng
Description conventions pn
Transcribing agency DLC
050 00 - LIBRARY OF CONGRESS CALL NUMBER
Classification number RC871
060 10 - NATIONAL LIBRARY OF MEDICINE CALL NUMBER
Classification number WJ 140
082 00 - DEWEY DECIMAL CLASSIFICATION NUMBER
Classification number 616.6
Edition number 23
245 00 - TITLE STATEMENT
Title Smith and Tanagho's general urology /
Remainder of title editors, Jack W. McAninch, Thomas F. Lue.
246 1# - VARYING FORM OF TITLE
Title proper/short title General urology
250 ## - EDITION STATEMENT
Edition statement 18th ed.
260 ## - PUBLICATION, DISTRIBUTION, ETC.
Place of publication, distribution, etc. New York :
Name of publisher, distributor, etc. McGraw-Hill Professional,
Date of publication, distribution, etc. c2013.
300 ## - PHYSICAL DESCRIPTION
Extent 1 online resource (x, 758 p.)
500 ## - GENERAL NOTE
General note Rev. ed. of: Smith's general urology. 17th ed. c2008.
504 ## - BIBLIOGRAPHY, ETC. NOTE
Bibliography, etc. note Includes bibliographical references and index.
588 ## - SOURCE OF DESCRIPTION NOTE
Source of description note Description based on print version record and CIP data provided by publisher; resource not viewed.
650 12 - SUBJECT ADDED ENTRY--TOPICAL TERM
Topical term or geographic name entry element Urologic Diseases.
700 1# - ADDED ENTRY--PERSONAL NAME
Personal name McAninch, Jack W.
700 1# - ADDED ENTRY--PERSONAL NAME
Personal name Lue, Tom F.
700 1# - ADDED ENTRY--PERSONAL NAME
Personal name Smith, Donald R.
Fuller form of name (Donald Ridgeway),
Dates associated with a name 1909-1991.
730 0# - ADDED ENTRY--UNIFORM TITLE
Uniform title Smith's general urology.
776 08 - ADDITIONAL PHYSICAL FORM ENTRY
Relationship information Print version:
Title Smith and Tanagho's general urology
Place, publisher, and date of publication New York : McGraw-Hill Professional, c2013.
International Standard Book Number 9780071624978 (softcover : alk. paper)
Record control number (DLC) 2012007118
906 ## - LOCAL DATA ELEMENT F, LDF (RLIN)
a 7
b cbc
c origcop
d 1
e ecip
f 20
g y-gencatlg
942 ## - ADDED ENTRY ELEMENTS (KOHA)
Source of classification or shelving scheme
Koha item type MONOGRAPH
Edition 18
Suppress in OPAC No
Holdings
Withdrawn status Lost status Source of classification or shelving scheme Damaged status Not for loan Collection code Home library Current library Shelving location Date acquired Inventory number Total Checkouts Full call number Barcode Date last seen Date last checked out Price effective from Koha item type
          Medical Library Collection CBU-SCHOOL OF MEDICINE LIBRARY, NDOLA. CBU-SCHOOL OF MEDICINE LIBRARY, NDOLA. General Stacks 04/30/2024 RC 871 Smi 1 RC 871 Smi 902421 05/16/2024 05/02/2024 04/30/2024 MONOGRAPH
          Medical Library Collection CBU-SCHOOL OF MEDICINE LIBRARY, NDOLA. CBU-SCHOOL OF MEDICINE LIBRARY, NDOLA. General Stacks 04/30/2024 RC 871 Smi     902419 04/30/2024   04/30/2024 MONOGRAPH
          Medical Library Collection CBU-SCHOOL OF MEDICINE LIBRARY, NDOLA. CBU-SCHOOL OF MEDICINE LIBRARY, NDOLA. General Stacks 04/30/2024 RC 871 Smi     902420 04/30/2024   04/30/2024 MONOGRAPH